¿Los maestros deben ser como segundos padres? : escuela secundaria, afetividad y pobreza en México (Record no. 165121)

MARC details
000 -CABECERA
campo de control de longitud fija 00591nab a2200193 a 4500
005 - FECHA Y HORA DE LA ÚLTIMA TRANSACCIÓN
campo de control 20210219161845.0
008 - ELEMENTOS DE LONGITUD FIJA--INFORMACIÓN GENERAL
campo de control de longitud fija 991125s1985 mx 000 0 spa u
035 ## - NÚMERO DE CONTROL DEL SISTEMA
Número de control de sistema UPN01000193020
100 1# - ASIENTO PRINCIPAL--NOMBRE PERSONAL
Nombre de persona Blasco, Maribel
222 ## - TÍTULO CLAVE
Título clave REVISTA MEXICANA DE INVESTIGACION EDUCATIVA
245 ## - MENCIÓN DE TÍTULO
Título ¿Los maestros deben ser como segundos padres? : escuela secundaria, afetividad y pobreza en México
260 ## - PUBLICACIÓN, DISTRIBUCIÓN, ETC.
Lugar de publicación, distribución, etc. México
300 ## - DESCRIPCIÓN FÍSICA
Extensión 789-820
362 0# - FECHAS DE PUBLICACIÓN Y/O DESIGNACIÓN SECUENCIAL
Fecha de publicación y/o designación secuencial 2003, Vol. 8, no. 19, 2003
653 0# - TERMINO DE INDIZACION - NO CONTROLADO
Término no controlado FRACASO ESCOLAR
653 0# - TERMINO DE INDIZACION - NO CONTROLADO
Término no controlado AFECTIVIDAD
653 0# - TERMINO DE INDIZACION - NO CONTROLADO
Término no controlado ORIENTACION ESCOLAR
905 ## - TIPO DE MATERIAL
Tipo de material Articulo

No items available.